1434 1301 1319 1799 1265 1748 1121 1616 1027 1698 1507 1563 1894 1468 1849 1732 1823 1488 1296 1783 1396 1972 1523 1914 1105 1514 1028 1645 1822 1786 1189 1954 1549 1155 1727 1406 1469 1642 1966 1542 1165 1683 1133 1116 1442 1624 1419 1644 1018 1814 1737 1869 1599 1197 1065 1635 1795 1425 1646 1882 1444 1719 1083 1832 1160 1848 1867 1102 1228 1028 1038 1524 1981 1762 1490 1715 1149 1797 1796 1336 1274 1854 1902 1606 1256 1422 1297 1128 1895 1905 1533 1318 1052 1917 1745 1805 1437 1160 1615 BCNSPRNW ULIB Ver.6.0+V

เปลี่ยนเป็นภาษาไทย

Change to English
 แสดงรายละเอียดบรรณานุกรม
  กลับหน้าหลัก

Brief Record : Get Marc (ISO 2709) : E-mail record : QR code < ปิดหน้าต่าง
LEADER : 00000nam 2200000uu 4500
001    13399122739
003     ULIB
008    130909s2556||||th 000 0 tha d
060    ^aWY16^bส192อ
110    ^aสภาการพยาบาล
245    ^aเอกสารประกอบการสัมนาโครงการสร้างเครือข่ายสมาชิกสภาการพยาบาล ประจำปี2556 /^cสภาการพยาบาล
260    ^aนนทบุรี :^bสภาการพยาบาล,^c2556
500    ^aเอกสารประกอบการสัมนา
650    ^aบทบาทสภาการพยาบาล
945    ^p0^l0^i20179
945    ^p0^l0^i20180
945    ^p0^l0^i20181
999    ^aทศพร เกษรทอง
รายการนี้ยังไม่มีแท็ก
คุณยังไม่ได้ล็อกอิน คุณสามารถมีกิจกรรมร่วมกับเว็บไซต์ได้ แต่ต้องล็อกอินก่อน ::
  ล็อกอิน

รายการสื่อสารสนเทศ

ลำดับที่ ประเภท เลขเรียก/บาร์โค้ด สถานที่ สถานะ
1. Book การพยาบาล
Book การพยาบาล
WY16 ส192อ ฉ.1 
  Barcode: 20179
ห้องสมุดวิทยาเขตนครสวรรค์
►หนังสือทั่วไป:l:General Books
บนชั้น
2. Book การพยาบาล
Book การพยาบาล
WY16 ส192อ ฉ.2 
  Barcode: 20180
ห้องสมุดวิทยาเขตนครสวรรค์
►หนังสือทั่วไป:l:General Books
บนชั้น
3. Book การพยาบาล
Book การพยาบาล
สถานะ=หนังสือเก่า
WY16 ส192อ ฉ.3 
  Barcode: 20181
ห้องสมุดวิทยาเขตนครสวรรค์
►ส่วนจัดเก็บหนังสือเก่า นว.
บนชั้น
  ขอยืม

รายการใกล้เคียง
    หัวเรื่อง [บทบาทสภาการพยาบาล]

BibComment


ยังไม่เคยถูกคอมเมนท์

คอมเมนท์ทรัพยากรรายการนี้
  คอมเมนท์: เอกสารประกอบการส..


 Copyright 2026. Bcnsprnw @Library